Giáo trình quản lý dự án công nghệ thông tin

Giới thiệu những kiến thức cơ bản về quản lý dự án công nghệ thông tin; Phương pháp luận quản lí dự án truyền thống so với phương pháp luận quản lí dự án thực hành; Quyền lãnh đạo dự án; Lập kế hoạch dự án......

पूर्ण विवरण

में बचाया:
ग्रंथसूची विवरण
मुख्य लेखक: Ngô Trung Việt (Biên soạn)
स्वरूप: पुस्तक
भाषा:Vietnamese
प्रकाशित: Tp. Hồ Chí Minh Đại học Quốc gia Tp. Hồ Chí Minh 2010
विषय:
टैग : टैग जोड़ें
कोई टैग नहीं, इस रिकॉर्ड को टैग करने वाले पहले व्यक्ति बनें!
Thư viện lưu trữ: Thư viện Trường Đại học Nam Cần Thơ
LEADER 01282nam a22002057a 4500
001 NCT_92912
008 211125b xxu||||| |||| 00| 0 vie d
999 |c 4596  |d 4596 
020 |c 24000 
082 0 4 |2 23rd ed.  |a 658.4  |b V308 
100 1 |a Ngô Trung Việt  |e Biên soạn 
245 1 0 |a Giáo trình quản lý dự án công nghệ thông tin  |c Ngô Trung Việt (Biên soạn) 
260 |a Tp. Hồ Chí Minh  |b Đại học Quốc gia Tp. Hồ Chí Minh  |c 2010 
300 |a 196 tr.  |b Minh họa  |c 21cm 
500 |a ĐTTS ghi: Đại học Quốc gia Tp. Hồ Chí Minh. Trường đại học Công nghệ Thông tin 
520 3 |a Giới thiệu những kiến thức cơ bản về quản lý dự án công nghệ thông tin; Phương pháp luận quản lí dự án truyền thống so với phương pháp luận quản lí dự án thực hành; Quyền lãnh đạo dự án; Lập kế hoạch dự án... 
653 |a Công nghệ thông tin 
942 |2 ddc  |c BK 
952 |0 0  |1 0  |2 ddc  |4 0  |6 658_400000000000000_V308  |7 0  |9 21708  |a 000001  |b 000001  |d 2021-11-25  |o 658.4 V308  |p MD.19083  |r 2021-11-25  |v 24000.00  |w 2021-11-25  |y BK 
980 |a Thư viện Trường Đại học Nam Cần Thơ